01101nam a2200301 a 450000100060000000300080000600500170001400800410003102000280007202000280010003500190012804000270014704100080017408200250018210000340020724500840024125000120032526000650033730000340040250400520043665000260048865000260051470000340054083000330057494200120060799900170061995201630063666027BD-RjUL20211209081507.0170313s2010 enka b 001 0 eng  a0198516126 (alk. paper) a0198516134 (alk. paper) a(BD-RjUL)66157 aDLCcDLCdBD-RjULbeng aeng00a577.63223bBRB 20101 aBrönmark, Christer.919530314aThe biology of lakes and ponds /cChrister Brönmark, and Lars-Anders Hansson. a2nd ed. aOxford :bOxford University Press,c2005. [ reprinted 2010]. axiv, 285 p. :bill. ;c24 cm. aIncludes bibliographical references and index. 0aPond ecology.9195305 0aLake ecology.91953061 aHansson, Lars-Anders.9195307 aBiology of Habitats.9195308 2ddccBK c66027d66027 00102ddc40718NFICaRUCLbRUCLcReadingd2013-07-02eDhaka, Paragon Enterprises Ltd.g4000.00l0o577.63 BRB 2010r2017-03-13 00:00:00tC-1w2017-03-13yBK